|
|
|
|
| LEADER |
00000nam0a2200000 4500 |
| 001 |
162388 |
| 005 |
20240814094335.0 |
| 010 |
|
|
|a 9785922803809
|
| 035 |
|
|
|a (RuTPU)RU\TPU\book\176114
|
| 090 |
|
|
|a 162388
|
| 100 |
|
|
|a 20090622d2008 m y0rusy50 ca
|
| 101 |
0 |
|
|a rus
|
| 102 |
|
|
|a RU
|
| 105 |
|
|
|a y j 001zy
|
| 200 |
1 |
|
|a Экономика Вьетнама
|e учебное пособие
|f О. Б. Окунев
|g Московский государственный институт международных отношений (МГИМО-Университет), Кафедра мировой экономики
|
| 210 |
|
|
|a Москва
|c Изд-во МГИМО
|d 2008
|
| 215 |
|
|
|a 144 с.
|
| 320 |
|
|
|a Библиогр.: с. 142-143.
|
| 330 |
|
|
|a В настоящем учебном пособии в систематической форме изложен страноведческий и экономический материал по экономике Социалистической Республики Вьетнам. В пособии нашли свое место все важнейшие вопросы странового экономического анализа, которые позволяют создать целостное впечатление об изучаемой стране. В книге нашли отражение особенности бюджетно-налоговой и денежно-кредитной системы Вьетнама, состояние инвестиционного климата, проблема социальной дифференциации.Пособие может быть рекомендовано в качестве базового учебника для студентов университетов, изучающих экономику Вьетнама.
|
| 606 |
|
|
|a Вьетнам
|x Экономика
|2 stltpush
|3 (RuTPU)RU\TPU\subj\36020
|9 57548
|
| 610 |
1 |
|
|a географическое положение
|
| 610 |
1 |
|
|a природные ресурсы
|
| 610 |
1 |
|
|a трудовые ресурсы
|
| 610 |
1 |
|
|a экономические реформы
|
| 610 |
1 |
|
|a собственность
|
| 610 |
1 |
|
|a реальный сектор
|
| 610 |
1 |
|
|a бюджет
|
| 610 |
1 |
|
|a налоги
|
| 610 |
1 |
|
|a кредитно-денежная система
|
| 610 |
1 |
|
|a инвестиции
|
| 610 |
1 |
|
|a иностранные инвестиции
|
| 610 |
1 |
|
|a бедность
|
| 610 |
1 |
|
|a социальное развитие
|
| 610 |
1 |
|
|a внешнеэкономическая деятельность
|
| 610 |
1 |
|
|a ВТО
|
| 610 |
1 |
|
|a АСЕАН
|
| 610 |
1 |
|
|a Россия
|
| 610 |
1 |
|
|a учебные пособия
|
| 686 |
|
|
|a У9(5В)я73
|v LBC/SL-A
|2 rubbk
|
| 700 |
|
1 |
|a Окунев
|b О. Б.
|g Олег Борисович
|
| 712 |
0 |
2 |
|a Московский государственный институт международных отношений (МГИМО-Университет)
|b Кафедра мировой экономики
|2 stltpush
|3 (RuTPU)RU\TPU\col\364
|
| 801 |
|
1 |
|a RU
|b 63413507
|c 20090622
|g PSBO
|
| 801 |
|
2 |
|a RU
|b 63413507
|c 20160209
|g RCR
|
| 942 |
|
|
|c BK
|
| 959 |
|
|
|a 74/20090619
|d 1
|e 173,00
|f ЧЗГЛ:1
|